| 000 | 00325nam a2200121Ia 4500 | ||
|---|---|---|---|
| 008 | 190216s9999||||xx |||||||||||||| ||und|| | ||
| 100 | _a"Kanti Kumar Varma,Dr.Deepak Kumar" | ||
| 245 | 4 | _aThe Elements Of Vector Calculus | |
| 260 | _bAitbs Publishers And Distributors | ||
| 300 | _a101 | ||
| 650 | _aMathematics | ||
| 942 | _cBK | ||
| 999 |
_c32165 _d32165 |
||